The Life and Exploits of the Ingenious Gentleman Don Quijote de la Mancha (Record no. 2940)

MARC details
000 -CABECERA
campo de control de longitud fija 01544nam a2200349 a 4500
001 - NÚMERO DE CONTROL
campo de control BRCA_3204
005 - FECHA Y HORA DE LA ÚLTIMA TRANSACCIÓN
campo de control 20190320204149.0
008 - DATOS DE LONGITUD FIJA--INFORMACIÓN GENERAL
campo de control de longitud fija 200209s1747----ie-a---###---#000-0deng-u
041 ## - CÓDIGO DE LENGUA
Código de lengua del texto/banda sonora o título independiente eng
044 ## - CÓDIGO DEL PAÍS DE LA ENTIDAD EDITORA/PRODUCTORA
Código MARC del país ie
084 ## - OTRO NÚMERO DE CLASIFICACIÓN
Número de clasificación 505
Número de documento/Ítem .W58
-- 1747
100 1# - ENTRADA PRINCIPAL--NOMBRE DE PERSONA
Nombre de persona Cervantes Saavedra, Miguel de
Fechas asociadas al nombre 1547-1616
9 (RLIN) 213
245 10 - MENCIÓN DE TÍTULO
Título The Life and Exploits of the Ingenious Gentleman Don Quijote de la Mancha
Mención de responsabilidad, etc. Miguel de Cervantes Saavedra.
260 ## - PUBLICACIÓN, DISTRIBUCIÓN, ETC.
Lugar de publicación, distribución, etc. Dublín
Nombre del editor, distribuidor, etc. Peter Willson
Fecha de publicación, distribución, etc. 1747
300 ## - DESCRIPCIÓN FÍSICA
Extensión 4 v.
Otras características físicas il.
Dimensiones 18 cm.
500 ## - NOTA GENERAL
Nota general Contenido : v. 1. Primera parte. Advertencia del editor. Prefacio del traductor. Vida de Cervantes por Mayáns y traducida por Ozell. Prólogo del autor. Texto. -- v. 2. Texto. -- v. 3. Segunda parte. Texto. v. 4. Texto
500 ## - NOTA GENERAL
Nota general Edición : Translated from de Original Spanish by Charles Jarvis
500 ## - NOTA GENERAL
Nota general Edición económica de la anterior traducción de Jarvis. Piel Lúdovik Osterc
500 ## - NOTA GENERAL
Nota general Incluye índice : De ilustraciones
500 ## - NOTA GENERAL
Nota general QM410
546 ## - NOTA DE LENGUA/LENGUAJE
Nota de lengua/lenguaje Texto en : inglés
650 14 - PUNTO DE ACCESO ADICIONAL DE MATERIA--TÉRMINO DE MATERIA
Término de materia o nombre geográfico como elemento de entrada Novela española
Subdivisión cronológica Época clásica, 1500-1700
9 (RLIN) 215
650 14 - PUNTO DE ACCESO ADICIONAL DE MATERIA--TÉRMINO DE MATERIA
Término de materia o nombre geográfico como elemento de entrada Literatura española
Subdivisión cronológica Época clásica, 1500-1700
9 (RLIN) 216
650 14 - PUNTO DE ACCESO ADICIONAL DE MATERIA--TÉRMINO DE MATERIA
Término de materia o nombre geográfico como elemento de entrada Novela española
Subdivisión cronológica Siglo XVII
9 (RLIN) 217
650 14 - PUNTO DE ACCESO ADICIONAL DE MATERIA--TÉRMINO DE MATERIA
Término de materia o nombre geográfico como elemento de entrada Don Quijote (Personaje ficticio)
Término indicativo de función/relación Novela
9 (RLIN) 218
700 1# - PUNTO DE ACCESO ADICIONAL--NOMBRE DE PERSONA
Nombre de persona Jarvis, Charles
Fechas asociadas al nombre ?-1739
Término indicativo de función/relación Traductor
9 (RLIN) 8583
700 1# - PUNTO DE ACCESO ADICIONAL--NOMBRE DE PERSONA
Nombre de persona Mayáns I. Siscar, Gregorio
Fechas asociadas al nombre 1699-1781
Término indicativo de función/relación Biógrafo
9 (RLIN) 8584
700 1# - PUNTO DE ACCESO ADICIONAL--NOMBRE DE PERSONA
Nombre de persona Ozell, John
Fechas asociadas al nombre ?-1743
Término indicativo de función/relación Anotador
9 (RLIN) 8585
740 0# - PUNTO DE ACCESO ADICIONAL--TÍTULO RELACIONADO O ANALÍTICO NO CONTROLADO
Título relacionado o analítico no controlado El Ingenioso Hidalgo Don Quijote de la Mancha
902 ## - CATALOGADOR
Iniciales QFM
942 ## - ELEMENTOS DE PUNTO DE ACCESO ADICIONAL (KOHA)
Fuente del sistema de clasificación o colocación Library of Congress Classification
Tipo de ítem Koha Libros
Holdings
Estado de retiro Estado de pérdida Estado dañado No para préstamo Localización permanente Ubicación/localización actual Fecha de adquisición Número de inventario Total de préstamos Signatura topográfica completa Código de barras Fecha visto por última vez Precio válido a partir de Tipo de ítem Koha
El ejemplar forma parte de la colección y puede ser consultado según las políticas vigentes.       Biblioteca del Museo Franz Mayer (Rogerio Casas-Alatriste) Biblioteca del Museo Franz Mayer (Rogerio Casas-Alatriste) 20/02/2009 QM410   505 .W58 1747 (QM410) 3201 22/03/2019 22/03/2019 Libros